[Event "GER-ch Seniors"]
[Site "Dresden"]
[Date "2012.08.11"]
[Round "3"]
[White "Ott, Herbert"]
[Black "Dorst, Karl"]
[Result "1/2-1/2"]
[WhiteElo "1693"]
[BlackElo "1781"]
[PlyCount "71"]
[EventDate "2012.08.09"]
[EventType "swiss"]
[EventRounds "9"]
[EventCountry "GER"]
[SourceTitle "EXT 2014"]
[Source "ChessBase"]
[SourceDate "2013.11.20"]
[SourceVersion "1"]
[SourceVersionDate "2013.11.20"]
[SourceQuality "1"]

1. e4 e6 2. d4 d5 3. exd5 exd5 4. Bd3 Nf6 5. Ne2 Be7 6. 0-0 0-0 7. Bf4 Nbd7 8. Re1 Re8 9. Nd2 c5 10. c3 c4 11. Bc2 b5 12. a3 Nf8 13. Nf1 Ne6 14. Bd2 Bd6 15. h3 Qc7 16. Neg3 Bd7 17. Nf5 Bf8 18. Qf3 Bc6 19. Qg3 Qxg3 20. N1xg3 g6 21. Nh4 Bd6 22. Nf1 Nh5 23. Nf3 f6 24. g3 Kf7 25. Re2 Nc7 26. Rae1 Rxe2 27. Rxe2 Re8 28. Rxe8 Nxe8 29. Ne3 f5 30. Kg2 Nef6 31. Ng5+ Kg8 32. Nf1 Ne4 33. Bc1 Nxg5 34. Bxg5 Kf7 35. Bd2 Nf6 36. f3 1/2-1/2

[Event "Niedersachsen-ch Seniors op 14th"]
[Site "Bad Bevensen"]
[Date "2011.07.06"]
[Round "2"]
[White "Geibel, Henning"]
[Black "Dorst, Karl"]
[Result "0-1"]
[WhiteElo "1234"]
[BlackElo "1603"]
[PlyCount "60"]
[EventDate "2011.07.05"]
[EventType "swiss"]
[EventRounds "9"]
[EventCountry "GER"]
[SourceTitle "EXT 2012"]
[Source "ChessBase"]
[SourceDate "2011.11.24"]
[SourceVersion "1"]
[SourceVersionDate "2011.11.24"]
[SourceQuality "1"]

1. e4 e6 2. Nf3 d5 3. e5 c5 4. d4 Nc6 5. Bb5 Bd7 6. Bxc6 Bxc6 7. 0-0 Qb6 8. c3 cxd4 9. Nxd4 Bc5 10. b4 Bxd4 11. Qxd4 Ne7 12. a4 Nf5 13. Qxb6 axb6 14. a5 0-0 15. Bf4 Rfc8 16. Rc1 bxa5 17. Rxa5 Rxa5 18. bxa5 Ra8 19. Nd2 Rxa5 20. g4 Nh4 21. Bg3 Ng6 22. h4 Ra4 23. f3 h5 24. gxh5 Nf4 25. Kh2 Nxh5 26. Kh3 g6 27. Nb3 Bb5 28. Kg2 Ra2+ 29. Kh3 Bd3 30. Nc5 Bf5# 0-1

[Event "Niedersachsen-ch Seniors op 14th"]
[Site "Bad Bevensen"]
[Date "2011.07.05"]
[Round "1"]
[White "Dorst, Karl"]
[Black "Peleikis, Horst"]
[Result "0-1"]
[WhiteElo "1603"]
[BlackElo "1879"]
[PlyCount "58"]
[EventDate "2011.07.05"]
[EventType "swiss"]
[EventRounds "9"]
[EventCountry "GER"]
[SourceTitle "EXT 2012"]
[Source "ChessBase"]
[SourceDate "2011.11.24"]
[SourceVersion "1"]
[SourceVersionDate "2011.11.24"]
[SourceQuality "1"]

1. e4 c5 2. Nf3 d6 3. d4 cxd4 4. Nxd4 Nf6 5. Nc3 g6 6. Bc4 Bg7 7. f3 0-0 8. Be3 Nc6 9. Qd2 Bd7 10. 0-0-0 Ne5 11. Bb3 Rc8 12. h4 h5 13. Bh6 Nc4 14. Bxc4 Rxc4 15. Nde2 b5 16. Qe3 Qc7 17. Rd2 Rc8 18. a3 a5 19. Nd4 b4 20. axb4 axb4 21. Nb1 e5 22. Ne2 Rxc2+ 23. Kd1 Rc1+ 24. Nxc1 Qxc1+ 25. Ke2 Qxh1 26. Rd1 Qxg2+ 27. Qf2 Bb5+ 28. Ke3 Qxf2+ 29. Kxf2 Rc2+ 0-1

[Event "Niedersachsen-ch Seniors op 13th"]
[Site "Bad Bevensen"]
[Date "2010.07.11"]
[Round "6"]
[White "Dorst, Karl"]
[Black "Bachmann, Friedrich"]
[Result "1-0"]
[WhiteElo "1602"]
[BlackElo "1376"]
[PlyCount "107"]
[EventDate "2010.07.06"]
[EventType "swiss"]
[EventRounds "9"]
[EventCountry "GER"]
[SourceTitle "EXT 2012"]
[Source "ChessBase"]
[SourceDate "2011.11.24"]
[SourceVersion "1"]
[SourceVersionDate "2011.11.24"]
[SourceQuality "1"]

1. e4 e5 2. Nf3 Nc6 3. Bb5 a6 4. Ba4 Nf6 5. 0-0 Bc5 6. c3 b5 7. Bb3 Nxe4 8. d4 exd4 9. cxd4 Bb4 10. a3 Be7 11. Qe2 d5 12. Re1 Bg4 13. Bxd5 Qxd5 14. Qxe4 Qxe4 15. Rxe4 Bxf3 16. gxf3 Rd8 17. Be3 0-0 18. Nc3 Bf6 19. Rd1 Rfe8 20. Rxe8+ Rxe8 21. Ne4 Bh4 22. d5 Ne5 23. Kg2 f5 24. Nc5 a5 25. h3 Rd8 26. Nb7 Ra8 27. d6 cxd6 28. Nxd6 Rd8 29. Rd2 a4 30. b4 Nc4 31. Nxc4 bxc4 32. Rc2 Rd3 33. Rxc4 Rxa3 34. Rxh4 Rb3 35. b5 a3 36. Ra4 Rxb5 37. Rxa3 h6 38. h4 Rb7 39. f4 Kh7 40. Bd4 Kg6 41. Ra6+ Kh5 42. Kg3 g6 43. f3 Rd7 44. Be5 Rd1 45. Ra2 Rg1+ 46. Rg2 Rxg2+ 47. Kxg2 Kxh4 48. Bf6+ g5 49. fxg5 hxg5 50. f4 Kg4 51. fxg5 f4 52. g6 f3+ 53. Kf2 Kf5 54. g7 1-0

[Event "GER-ch Seniors 21st"]
[Site "Dresden"]
[Date "2009.08.07"]
[Round "6"]
[White "Weber, Gerhard"]
[Black "Dorst, Karl"]
[Result "1-0"]
[WhiteElo "1921"]
[BlackElo "1827"]
[PlyCount "99"]
[EventDate "2009.08.03"]
[EventType "swiss"]
[EventRounds "9"]
[EventCountry "GER"]
[SourceTitle "CBM 131 Extra"]
[Source "ChessBase"]
[SourceDate "2009.09.03"]
[SourceVersion "2"]
[SourceVersionDate "2009.09.16"]
[SourceQuality "1"]

1. e4 e6 2. d4 d5 3. Nd2 Nf6 4. e5 Nfd7 5. Bd3 c5 6. c3 Nc6 7. Ne2 Qb6 8. Nf3 Be7 9. 0-0 0-0 10. Re1 cxd4 11. cxd4 Re8 12. b3 Nf8 13. h4 Bd7 14. Nc3 Nb4 15. Bb1 Rec8 16. Bd2 Qd8 17. a3 Nc6 18. g3 a6 19. Ne2 b5 20. Bg5 h6 21. Bxe7 Nxe7 22. b4 Qb6 23. Qd2 Rc7 24. Bd3 Rac8 25. Rec1 Rxc1+ 26. Rxc1 Rxc1+ 27. Qxc1 Qc6 28. Qc5 Nc8 29. Nf4 Nb6 30. Ne1 Nc4 31. Nc2 Qxc5 32. bxc5 a5 33. Kf1 f6 34. exf6 gxf6 35. Ke2 Bc6 36. Nh5 Kf7 37. f4 Nd7 38. g4 e5 39. Bf5 e4 40. Ng3 Nf8 41. Nf1 Ne6 42. Bxe6+ Kxe6 43. f5+ Kf7 44. Nfe3 Nxa3 45. Nxa3 b4 46. Nb1 Bb5+ 47. Kd2 a4 48. Nxd5 b3 49. Ndc3 Bd3 50. d5 1-0

[Event "GER-ch Seniors 21st"]
[Site "Dresden"]
[Date "2009.08.04"]
[Round "2"]
[White "Nemoj, Ilja"]
[Black "Dorst, Karl"]
[Result "1-0"]
[WhiteElo "1860"]
[BlackElo "1827"]
[PlyCount "81"]
[EventDate "2009.08.03"]
[EventType "swiss"]
[EventRounds "9"]
[EventCountry "GER"]
[SourceTitle "CBM 131 Extra"]
[Source "ChessBase"]
[SourceDate "2009.09.03"]
[SourceVersion "2"]
[SourceVersionDate "2009.09.16"]
[SourceQuality "1"]

1. d4 Nf6 2. Bg5 Ne4 3. Bh4 c5 4. f3 g5 5. fxe4 gxh4 6. e3 e6 7. Nf3 Nc6 8. c3 Bh6 9. Qe2 d6 10. Nbd2 Bd7 11. 0-0-0 Qe7 12. Qf2 0-0-0 13. Bd3 cxd4 14. exd4 Bg5 15. Kb1 h6 16. Rde1 Kb8 17. Rhf1 Rdf8 18. Nc4 e5 19. d5 Nd8 20. Na3 f5 21. exf5 Bxf5 22. Bxf5 Rxf5 23. Re4 Rf4 24. Rfe1 Rhf8 25. Nb5 b6 26. c4 Nb7 27. b4 Qh7 28. Nc3 Rc8 29. Qe2 a5 30. a3 axb4 31. axb4 Rxe4 32. Nxe4 Be7 33. Kb2 Qg7 34. Kb3 Rg8 35. Rg1 Kc7 36. Qf2 Qg4 37. Qb2 Ra8 38. Rd1 Qd7 39. Nc3 Qg4 40. Nb5+ Kd7 41. Nxe5+ 1-0

[Event "Bad Bevensen Seniors op 12th"]
[Site "Bad Bevensen"]
[Date "2009.07.15"]
[Round "9"]
[White "Borkenhagen, Bernd"]
[Black "Dorst, Karl"]
[Result "0-1"]
[WhiteElo "1467"]
[BlackElo "1599"]
[PlyCount "156"]
[EventDate "2009.07.07"]
[EventType "swiss"]
[EventRounds "9"]
[EventCountry "GER"]
[SourceTitle "EXT 2022"]
[Source "ChessBase"]
[SourceDate "2021.10.06"]
[SourceVersion "1"]
[SourceVersionDate "2021.10.06"]
[SourceQuality "1"]

1. d4 Nf6 2. e3 d5 3. Nd2 c6 4. Bd3 Qc7 5. h3 Nbd7 6. Ngf3 e6 7. 0-0 Bd6 8. Re1 0-0 9. e4 dxe4 10. Nxe4 Nxe4 11. Bxe4 Nf6 12. Bd3 Bf4 13. Bxf4 Qxf4 14. c3 Qd6 15. Ne5 c5 16. dxc5 Qxc5 17. Qc2 b6 18. b4 Qc7 19. c4 Bb7 20. Rac1 Rac8 21. f3 Qe7 22. Qb1 Rc7 23. Ng4 h6 24. Nxf6+ Qxf6 25. Be4 Qd4+ 26. Kh1 Bxe4 27. Rxe4 Qf6 28. Qa1 Qxa1 29. Rxa1 Rd8 30. Kg1 Rd2 31. Kf1 Rc2 32. a3 Rd7 33. Re2 Rxc4 34. Re3 Rc2 35. Re2 Rdd2 36. Rxd2 Rxd2 37. b5 Rb2 38. a4 g5 39. Ra3 Kg7 40. Rc3 Rd2 41. Rc4 h5 42. h4 gxh4 43. Rxh4 Kg6 44. g3 f5 45. Rc4 e5 46. Kg1 Kg5 47. f4+ exf4 48. Rxf4 Re2 49. Rf3 Re4 50. Ra3 Kg4 51. Kf2 Rb4 52. Ra2 h4 53. gxh4 Kxh4 54. Kf3 Kg5 55. Rg2+ Kf6 56. Ra2 Ke5 57. Ra3 Kd5 58. Ra1 Kc4 59. Kf4 Kb3+ 60. Kxf5 Rxa4 61. Re1 Ra5 62. Ke4 Rxb5 63. Kd4 Rc5 64. Rb1+ Kc2 65. Rb4 Rc6 66. Ra4 a5 67. Kd5 Rc5+ 68. Kd4 Kb3 69. Ra1 Rc2 70. Kd3 a4 71. Rxa4 Kxa4 72. Kxc2 Ka3 73. Kb1 Kb3 74. Ka1 Ka3 75. Kb1 b5 76. Ka1 Kb3 77. Kb1 b4 78. Ka1 Kc2 0-1

[Event "Bad Bevensen Seniors op 12th"]
[Site "Bad Bevensen"]
[Date "2009.07.14"]
[Round "8"]
[White "Dorst, Karl"]
[Black "Heinrich, Helmut"]
[Result "1-0"]
[WhiteElo "1599"]
[BlackElo "1470"]
[PlyCount "55"]
[EventDate "2009.07.07"]
[EventType "swiss"]
[EventRounds "9"]
[EventCountry "GER"]
[SourceTitle "EXT 2022"]
[Source "ChessBase"]
[SourceDate "2021.10.06"]
[SourceVersion "1"]
[SourceVersionDate "2021.10.06"]
[SourceQuality "1"]

1. e4 c5 2. Nf3 Nc6 3. d4 cxd4 4. Nxd4 Nf6 5. Nc3 d6 6. Bg5 e6 7. Qd2 a6 8. Bc4 Be7 9. f3 h6 10. Be3 Bd7 11. 0-0-0 Na5 12. Be2 e5 13. Nb3 Nxb3+ 14. axb3 Qa5 15. Kb1 Rc8 16. Na4 Qxd2 17. Rxd2 Bxa4 18. bxa4 0-0 19. b3 Rc3 20. Rd3 Rfc8 21. Rxc3 Rxc3 22. Bd2 Rc6 23. c4 Nd7 24. Ka2 Nc5 25. a5 Nd7 26. b4 b5 27. Rc1 bxc4 28. Rxc4 1-0

[Event "Bad Bevensen Seniors op 12th"]
[Site "Bad Bevensen"]
[Date "2009.07.13"]
[Round "7"]
[White "Baeumcher, Karl"]
[Black "Dorst, Karl"]
[Result "1/2-1/2"]
[WhiteElo "1450"]
[BlackElo "1599"]
[PlyCount "127"]
[EventDate "2009.07.07"]
[EventType "swiss"]
[EventRounds "9"]
[EventCountry "GER"]
[SourceTitle "EXT 2022"]
[Source "ChessBase"]
[SourceDate "2021.10.06"]
[SourceVersion "1"]
[SourceVersionDate "2021.10.06"]
[SourceQuality "1"]

1. Nf3 d5 2. g3 Nf6 3. d3 e6 4. Bg2 Be7 5. b3 0-0 6. Bb2 c6 7. Nbd2 Nbd7 8. h4 h5 9. e4 dxe4 10. dxe4 Qc7 11. Qe2 Rd8 12. 0-0 a5 13. a4 b6 14. Rad1 Ba6 15. c4 g6 16. Nh2 e5 17. f4 Bd6 18. f5 Kg7 19. Nhf3 Ng4 20. Ng5 Ndf6 21. fxg6 Bc5+ 22. Kh1 Qd7 23. Rxf6 Nxf6 24. Nxf7 Ng4 25. Nxe5 Nxe5 26. Bxe5+ Kxg6 27. Bf4 Bb4 28. e5 Qe6 29. Kh2 Qg4 30. Qe4+ Kg7 31. Bf3 Qg6 32. Qxg6+ Kxg6 33. Bxc6 Rac8 34. Bd5 Be7 35. Nf3 Rf8 36. Be4+ Kf7 37. Rd7 Ke8 38. e6 Rg8 39. Ne5 Rd8 40. Bg6+ Rxg6 41. Nxg6 Rxd7 42. exd7+ Kxd7 43. Nxe7 Kxe7 44. Bc7 Bb7 45. Bxb6 Be4 46. Bxa5 Bc2 47. b4 Bxa4 48. b5 Kd6 49. Bb4+ Kc7 50. Ba5+ Kb7 51. Bd8 Bb3 52. c5 Bc4 53. b6 Be2 54. Kg2 Bg4 55. Be7 Bc8 56. Kf3 Bg4+ 57. Kf4 Bc8 58. Kg5 Bg4 59. Bd6 Be2 60. Kf5 Bg4+ 61. Ke5 Be2 62. Ke6 Bg4+ 63. Ke7 Bf3 64. Kd8 1/2-1/2

[Event "EU-chT Seniors 09th"]
[Site "Dresden"]
[Date "2007.02.20"]
[Round "5"]
[White "Dorst, Karl"]
[Black "Hellwege, Werner"]
[Result "1/2-1/2"]
[WhiteElo "1794"]
[BlackElo "2024"]
[PlyCount "147"]
[EventDate "2007.02.16"]
[EventType "team-swiss"]
[EventRounds "9"]
[EventCountry "GER"]
[SourceTitle "CBM 117 Extra"]
[Source "ChessBase"]
[SourceDate "2007.05.09"]
[SourceVersion "1"]
[SourceVersionDate "2007.05.09"]
[SourceQuality "1"]

1. e4 c5 2. Nf3 d6 3. d4 cxd4 4. Nxd4 Nf6 5. Nc3 a6 6. Be2 e6 7. Be3 Qc7 8. 0-0 Nbd7 9. Qd2 Be7 10. Rfd1 0-0 11. Qe1 b5 12. a3 Bb7 13. f3 Rac8 14. Qf2 Rfd8 15. Rd2 Ne5 16. Rad1 Nc4 17. Bxc4 Qxc4 18. Nb3 Nd7 19. Bf4 Ne5 20. Na5 Qc7 21. Nxb7 Qxb7 22. Bxe5 dxe5 23. Rxd8+ Rxd8 24. Rxd8+ Bxd8 25. Qd2 Bb6+ 26. Kf1 g6 27. Qd3 Qc6 28. b4 Ba7 29. Ke1 Qb6 30. Kd2 Qg1 31. Qe2 Qxh2 32. Kc1 Bd4 33. Nd1 Qh4 34. c3 Bb6 35. Kc2 Qd8 36. Nb2 Qd7 37. Kb3 Qc6 38. a4 bxa4+ 39. Nxa4 Bg1 40. Qd3 Kg7 41. c4 Bd4 42. b5 axb5 43. cxb5 Qc1 44. Qc2 Qe3+ 45. Ka2 Qe1 46. Kb3 Qe3+ 47. Kb4 Qe1+ 48. Kc4 Qa5 49. Qb3 Qc7+ 50. Kd3 Qc1 51. b6 Qf1+ 52. Kc2 Qxg2+ 53. Kb1 Qf1+ 54. Kc2 Qe2+ 55. Kb1 Qe1+ 56. Kc2 Qf2+ 57. Kb1 Bxb6 58. Nxb6 h5 59. Nd7 Qd4 60. Qb5 h4 61. Qxe5+ Qxe5 62. Nxe5 f5 63. exf5 exf5 64. Kc2 h3 65. Nd3 h2 66. Nf2 g5 67. Kd2 g4 68. Nh1 Kg6 69. Ke2 Kg5 70. fxg4 Kxg4 71. Kf2 Kh3 72. Kf3 f4 73. Nf2+ Kh4 74. Kxf4 1/2-1/2

[Event "GER-ch Seniors Gp-B 18th"]
[Site "Dresden"]
[Date "2006.07.29"]
[Round "8"]
[White "Weber, Siegfried2222"]
[Black "Dorst, Karl"]
[Result "0-1"]
[WhiteElo "1527"]
[BlackElo "1645"]
[PlyCount "54"]
[EventDate "2006.07.22"]
[EventType "swiss"]
[EventRounds "9"]
[EventCountry "GER"]
[SourceTitle "EXT 2022"]
[Source "ChessBase"]
[SourceDate "2021.10.06"]
[SourceVersion "1"]
[SourceVersionDate "2021.10.06"]
[SourceQuality "1"]

1. e4 e6 2. d4 d5 3. Nc3 Bb4 4. e5 Ne7 5. a3 Bxc3+ 6. bxc3 0-0 7. f4 c5 8. Nf3 Nbc6 9. dxc5 Qa5 10. Bd2 Qxc5 11. Bd3 Na5 12. Nd4 Nc4 13. Bxc4 Qxc4 14. Qe2 Qxe2+ 15. Kxe2 a6 16. a4 Bd7 17. Rhb1 Rab8 18. Rb6 Nc8 19. Rb2 b5 20. axb5 axb5 21. Ra5 Nb6 22. Ra7 Nc4 23. Rb4 Rfd8 24. Nb3 Be8 25. Nd4 g6 26. Rc7 h5 27. Rb2 Nxb2 0-1